<?xml version="1.0" encoding="UTF-8"?>
<record
    xmlns:xsi="http://www.w3.org/2001/XMLSchema-instance"
    xsi:schemaLocation="http://www.loc.gov/MARC21/slim http://www.loc.gov/standards/marcxml/schema/MARC21slim.xsd"
    xmlns="http://www.loc.gov/MARC21/slim">

  <leader>02278nam a2200397   4500</leader>
  <controlfield tag="001">113901</controlfield>
  <controlfield tag="003">DR-UNIBE</controlfield>
  <controlfield tag="005">20260423111343.0</controlfield>
  <controlfield tag="008">9789945451054</controlfield>
  <datafield tag="040" ind1=" " ind2=" ">
    <subfield code="a">BIBLIOTECA UNIBE</subfield>
    <subfield code="c">BIBLIOTECA UNIBE</subfield>
    <subfield code="e">rda</subfield>
  </datafield>
  <datafield tag="041" ind1=" " ind2=" ">
    <subfield code="a">spa</subfield>
  </datafield>
  <datafield tag="082" ind1=" " ind2=" ">
    <subfield code="a">RD 972.93 C667i</subfield>
  </datafield>
  <datafield tag="245" ind1="0" ind2="0">
    <subfield code="a">Aportes de los cocolos a la identidad nacional dominicana /</subfield>
    <subfield code="c">Frank Moya Pons [y otros once]</subfield>
  </datafield>
  <datafield tag="260" ind1=" " ind2=" ">
    <subfield code="a">Santo Domingo :</subfield>
    <subfield code="b">Ministerio de Relaciones Exteriores,</subfield>
    <subfield code="c">2024</subfield>
  </datafield>
  <datafield tag="300" ind1=" " ind2=" ">
    <subfield code="a">304 p&#xE1;ginas :</subfield>
    <subfield code="b">ilustraciones</subfield>
  </datafield>
  <datafield tag="505" ind1=" " ind2=" ">
    <subfield code="a">1. Los cocolos &#xBF;cu&#xE1;ntos fueron?  |
2. Macor&#xED;s, la provincia Cocola |
3. Los cocolos en Santo Domingo  |
4. Migraciones caribe&#xF1;as de las colonias inglesas hacia Rep&#xFA;blica Dominicana: procesos raciales y el impacto de las ideas de Garvey (1872-1950)  |
5. Aproximaci&#xF3;n historiogr&#xE1;fica a los cocolos   |
6. En torno a la recepci&#xF3;n de los cocolos en la Rep&#xFA;blica Dominicana   |
7. La palabra &#x201C;cocolo&#x201D;: una african&#xED;a encubierta   |
8. Garveyismo y racismo en el Caribe: El caso de la poblaci&#xF3;n cocola en la Rep&#xFA;blica Dominicana |
9.  El aporte de los cocolos a la cultura de San Pedro de Macor&#xED;s   |
10. Momise, Guloyas e indios en el accionar conducente de Teophilus Chiverton (Primo)   |
11. Los guloyas, un aporte de los cocolos a la identidad cultural dominicana   |
</subfield>
  </datafield>
  <datafield tag="650" ind1=" " ind2="7">
    <subfield code="2">lemb</subfield>
    <subfield code="a">Migraci&#xF3;n de pueblos</subfield>
    <subfield code="z">El Caribe</subfield>
    <subfield code="9">204315</subfield>
  </datafield>
  <datafield tag="650" ind1=" " ind2="7">
    <subfield code="2">lemb</subfield>
    <subfield code="a">Identidad cultural</subfield>
  </datafield>
  <datafield tag="650" ind1=" " ind2="7">
    <subfield code="2">lemb</subfield>
    <subfield code="a">Cultura</subfield>
    <subfield code="z">El Caribe</subfield>
    <subfield code="9">204316</subfield>
  </datafield>
  <datafield tag="651" ind1=" " ind2="7">
    <subfield code="2">lemb</subfield>
    <subfield code="a">Rep&#xFA;blica Dominicana</subfield>
    <subfield code="x">Historia</subfield>
    <subfield code="9">1416</subfield>
  </datafield>
  <datafield tag="653" ind1=" " ind2="0">
    <subfield code="a">Historiograf&#xED;a </subfield>
  </datafield>
  <datafield tag="653" ind1=" " ind2="0">
    <subfield code="a">Aportes culturales</subfield>
  </datafield>
  <datafield tag="700" ind1=" " ind2=" ">
    <subfield code="a">Moya Pons, Frank, </subfield>
    <subfield code="q">(Moya Pons, Rafael Francisco),</subfield>
    <subfield code="d">1944-</subfield>
    <subfield code="e">autor</subfield>
    <subfield code="9">199245</subfield>
  </datafield>
  <datafield tag="700" ind1=" " ind2=" ">
    <subfield code="a">Castillo Pichardo, Jos&#xE9; del </subfield>
    <subfield code="e">autor</subfield>
    <subfield code="9">197519</subfield>
  </datafield>
  <datafield tag="700" ind1=" " ind2=" ">
    <subfield code="a">Inoa, Orlando</subfield>
    <subfield code="9">33141</subfield>
    <subfield code="e">autor</subfield>
  </datafield>
  <datafield tag="700" ind1=" " ind2=" ">
    <subfield code="a">Rosario Fern&#xE1;ndez, Reina</subfield>
    <subfield code="9">87474</subfield>
    <subfield code="e">autor</subfield>
  </datafield>
  <datafield tag="700" ind1=" " ind2=" ">
    <subfield code="a">Jarvis Luis, Rafael</subfield>
    <subfield code="9">31516</subfield>
    <subfield code="e">autor</subfield>
  </datafield>
  <datafield tag="700" ind1=" " ind2=" ">
    <subfield code="a"> Bryan, Patrick</subfield>
    <subfield code="e">autor</subfield>
    <subfield code="9">197520</subfield>
  </datafield>
  <datafield tag="700" ind1=" " ind2=" ">
    <subfield code="a">Guerrero, Jos&#xE9;</subfield>
    <subfield code="9">124519</subfield>
    <subfield code="e">autor</subfield>
  </datafield>
  <datafield tag="700" ind1=" " ind2=" ">
    <subfield code="a">Garc&#xED;a Mu&#xF1;iz, Humberto</subfield>
    <subfield code="9">84878</subfield>
    <subfield code="e">autor</subfield>
  </datafield>
  <datafield tag="700" ind1=" " ind2=" ">
    <subfield code="a"> Giovannetti-Torres, Jorge L.</subfield>
    <subfield code="e">autor</subfield>
    <subfield code="9">197521</subfield>
  </datafield>
  <datafield tag="700" ind1=" " ind2=" ">
    <subfield code="a">Mota Acosta, Julio C&#xE9;sar</subfield>
    <subfield code="9">155920</subfield>
    <subfield code="e">autor</subfield>
  </datafield>
  <datafield tag="700" ind1=" " ind2=" ">
    <subfield code="a">Cabrera, Enrique </subfield>
    <subfield code="e">autor</subfield>
    <subfield code="9">197522</subfield>
  </datafield>
  <datafield tag="700" ind1=" " ind2=" ">
    <subfield code="a">Stanley, Avelino, </subfield>
    <subfield code="d">1959-</subfield>
    <subfield code="9">31876</subfield>
    <subfield code="e">autor</subfield>
  </datafield>
  <datafield tag="942" ind1=" " ind2=" ">
    <subfield code="2">ddc</subfield>
    <subfield code="c">BK</subfield>
  </datafield>
  <datafield tag="999" ind1=" " ind2=" ">
    <subfield code="c">113901</subfield>
    <subfield code="d">113901</subfield>
  </datafield>
  <datafield tag="952" ind1=" " ind2=" ">
    <subfield code="0">0</subfield>
    <subfield code="1">0</subfield>
    <subfield code="2">ddc</subfield>
    <subfield code="7">0</subfield>
    <subfield code="8">GEN-RD</subfield>
    <subfield code="a">Principal</subfield>
    <subfield code="d">2025-07-22</subfield>
    <subfield code="l">0</subfield>
    <subfield code="o">RD 972.93 C667i </subfield>
    <subfield code="p">250812</subfield>
    <subfield code="r">2025-07-22 10:53:59</subfield>
    <subfield code="t">Ej. 1</subfield>
    <subfield code="w">2025-07-22</subfield>
    <subfield code="y">BK</subfield>
  </datafield>
</record>
